[Event "BL2 West 1213 (Women)"]
[Site "Germany"]
[Date "2013.01.20"]
[Round "5.1"]
[White "Nattermueller, Irina"]
[Black "Engels, Natia"]
[Result "1-0"]
[WhiteElo "2118"]
[BlackElo "2158"]
[PlyCount "113"]
[EventDate "2012.10.06"]
[EventType "team-tourn"]
[EventRounds "7"]
[EventCountry "GER"]
[SourceTitle "EXT 2018"]
[Source "ChessBase"]
[SourceDate "2017.10.13"]
[SourceVersion "1"]
[SourceVersionDate "2017.10.13"]
[SourceQuality "1"]
[WhiteTeam "Heiden (W)"]
[BlackTeam "Steinfurt (W)"]
[WhiteTeamCountry "GER"]
[BlackTeamCountry "GER"]

1. e4 c5 2. Nf3 d6 3. d4 cxd4 4. Nxd4 Nf6 5. Nc3 a6 6. Bc4 e5 7. Nf3 Be7 8. 0-0 0-0 9. Re1 Nbd7 10. a4 Nb6 11. Bb3 a5 12. Nb5 Bg4 13. Bg5 Rc8 14. Qe2 Nbd7 15. c3 Nc5 16. Bc2 h6 17. Bh4 Ne6 18. Qe3 Nf4 19. Rad1 Bxf3 20. Qxf3 g5 21. Bg3 N6h5 22. Rd2 Qb6 23. Bxf4 Nxf4 24. g3 Ng6 25. Qh5 Kg7 26. Re3 Rc5 27. Red3 Rd8 28. Qd1 Rc6 29. Bb3 Qc5 30. Rd5 Qb6 31. Qf3 f6 32. Qf5 Nf8 33. Kg2 Rc5 34. Bc2 Rxd5 35. Rxd5 Qc6 36. Bb3 b6 37. Na3 Re8 38. Nc4 Nd7 39. Ne3 Nc5 40. Bc2 Rh8 41. Bd1 h5 42. b4 axb4 43. cxb4 Nb7 44. Qe6 Bf8 45. Nf5+ Kg6 46. Rxe5 Nd8 47. Qe8+ Qxe8 48. Rxe8 Nc6 49. b5 Ne5 50. Nxd6 h4 51. Nf5 hxg3 52. fxg3 g4 53. a5 bxa5 54. b6 Bg7 55. Nxg7 Kxg7 56. Rxh8 Kxh8 57. Ba4 1-0

[Event "BL2 West 1213 (Women)"]
[Site "Germany"]
[Date "2012.12.02"]
[Round "4.1"]
[White "Nattermueller, Irina"]
[Black "Diederichs, Luise"]
[Result "0-1"]
[WhiteElo "2118"]
[BlackElo "1827"]
[PlyCount "94"]
[EventDate "2012.10.06"]
[EventType "team-tourn"]
[EventRounds "7"]
[EventCountry "GER"]
[SourceTitle "EXT 2018"]
[Source "ChessBase"]
[SourceDate "2017.10.13"]
[SourceVersion "1"]
[SourceVersionDate "2017.10.13"]
[SourceQuality "1"]
[WhiteTeam "Heiden (W)"]
[BlackTeam "Harksheide (W)"]
[WhiteTeamCountry "GER"]
[BlackTeamCountry "GER"]

1. e4 g6 2. d4 Bg7 3. Nf3 d6 4. Bc4 a6 5. 0-0 b5 6. Bb3 Bb7 7. Re1 e6 8. c3 Nd7 9. Nbd2 Ne7 10. Ng5 0-0 11. Nf1 h6 12. Nf3 c5 13. Bc2 cxd4 14. cxd4 Rc8 15. Bf4 Nb6 16. Rc1 Nc6 17. b3 Nb4 18. Bb1 Rxc1 19. Qxc1 g5 20. Be3 f5 21. exf5 Bxf3 22. fxe6 Bg4 23. Bd2 N4d5 24. Ng3 Bxd4 25. Re4 Bxf2+ 26. Kh1 Bxg3 27. Rxg4 Qf6 28. Bd3 Bf4 29. h4 Qxe6 30. Qd1 Bxd2 31. Re4 Qf6 32. Qxd2 Nf4 33. Bb1 Nh5 34. Re1 Ng3+ 35. Kg1 gxh4 36. Qc2 Qd4+ 37. Kh2 Qg7 38. Re6 Nf5 39. Re4 Qg3+ 40. Kg1 h3 41. Re2 h2+ 42. Kh1 Qh4 43. Re3 Nd5 44. Rh3 Qg5 45. Kxh2 Nde3 46. Qb2 Qf4+ 47. Kg1 Qf1+ 0-1

[Event "BL2 West 1213 (Women)"]
[Site "Germany"]
[Date "2012.12.01"]
[Round "3.1"]
[White "Zschischang, Marine"]
[Black "Nattermueller, Irina"]
[Result "1-0"]
[WhiteElo "2075"]
[BlackElo "2118"]
[PlyCount "85"]
[EventDate "2012.10.06"]
[EventType "team-tourn"]
[EventRounds "7"]
[EventCountry "GER"]
[SourceTitle "EXT 2018"]
[Source "ChessBase"]
[SourceDate "2017.10.13"]
[SourceVersion "1"]
[SourceVersionDate "2017.10.13"]
[SourceQuality "1"]
[WhiteTeam "Lehrte (W)"]
[BlackTeam "Heiden (W)"]
[WhiteTeamCountry "GER"]
[BlackTeamCountry "GER"]

1. f4 d5 2. Nf3 c5 3. b3 Nc6 4. e3 Nf6 5. Bb5 Bd7 6. Bb2 e6 7. d3 a6 8. Bxc6 Bxc6 9. 0-0 Be7 10. Ne5 Rc8 11. Nd2 Qb6 12. Qe1 h5 13. Ndf3 Ng4 14. Nxg4 hxg4 15. Ne5 f5 16. Nxc6 Qxc6 17. Bxg7 Rh7 18. Be5 Kf7 19. g3 Rg8 20. Qe2 Rg6 21. Rae1 Rgh6 22. Rf2 Rh3 23. Rg2 Bd8 24. e4 R3h6 25. c3 Bb6 26. exf5 exf5 27. d4 Re6 28. Qd3 Rh5 29. Rge2 c4 30. Qc2 a5 31. Bb8 Re4 32. bxc4 Qxc4 33. Rxe4 fxe4 34. Qb3 Qc6 35. Rxe4 a4 36. Qd1 dxe4 37. Qxg4 Rd5 38. Be5 Rd8 39. Qg7+ Ke6 40. f5+ Kxf5 41. Qf7+ Kg5 42. h4+ Kg4 43. Qf4+ 1-0

[Event "BL2 West 1213 (Women)"]
[Site "Germany"]
[Date "2012.10.07"]
[Round "2.1"]
[White "Zhang, Fan"]
[Black "Nattermueller, Irina"]
[Result "1-0"]
[WhiteElo "2073"]
[BlackElo "2118"]
[PlyCount "153"]
[EventDate "2012.10.06"]
[EventType "team-tourn"]
[EventRounds "7"]
[EventCountry "GER"]
[SourceTitle "EXT 2018"]
[Source "ChessBase"]
[SourceDate "2017.10.13"]
[SourceVersion "1"]
[SourceVersionDate "2017.10.13"]
[SourceQuality "1"]
[WhiteTeam "Muelheim Nord (W) II"]
[BlackTeam "Heiden (W)"]
[WhiteTeamCountry "GER"]
[BlackTeamCountry "GER"]

1. d4 d5 2. c4 e6 3. Nf3 c5 4. cxd5 exd5 5. Bg5 Be7 6. Bxe7 Nxe7 7. dxc5 Qa5+ 8. Qd2 Qxc5 9. Qc3 Qxc3+ 10. Nxc3 Nbc6 11. Rd1 0-0 12. e3 Be6 13. Bd3 Rfd8 14. Bb1 Bg4 15. Ne2 Bxf3 16. gxf3 Rd6 17. Nd4 Nxd4 18. Rxd4 Nc6 19. Rd2 d4 20. Ke2 Re6 21. Bf5 Rf6 22. Be4 dxe3 23. fxe3 Kf8 24. Rd7 Rb8 25. Kf2 a6 26. Rc1 Ne5 27. Rdc7 b5 28. R1c2 Rd8 29. b3 Ng4+ 30. Ke2 Ne5 31. f4 Ng4 32. h3 Nh6 33. R2c6 Rfd6 34. Rc8 Rd2+ 35. Ke1 Rd1+ 36. Ke2 R1d2+ 37. Kf3 f5 38. Rxd8+ Rxd8 39. Bc2 Rd2 40. e4 fxe4+ 41. Kxe4 Ke7 42. b4 g6 43. Bb3 Nf5 44. Rxa6 Rd4+ 45. Ke5 Rxb4 46. Ra7+ Kd8 47. Rxh7 Ng3 48. Bd5 Nf5 49. Bf7 Ne7 50. Rg7 Ra4 51. h4 Ra6 52. Rh7 b4 53. Be6 Nc6+ 54. Kf6 Rb6 55. Rg7 Ra6 56. Kxg6 Nd4 57. Rd7+ Ke8 58. Rxd4 Rxe6+ 59. Kg5 Re2 60. Rxb4 Rxa2 61. h5 Kf7 62. Rb7+ Kg8 63. f5 Rg2+ 64. Kf6 Rh2 65. Rg7+ Kf8 66. Rg5 Ra2 67. Kg6 Kg8 68. f6 Rf2 69. h6 Rf1 70. h7+ Kh8 71. f7 Rf2 72. Rf5 Rg2+ 73. Kf6 Rg6+ 74. Ke5 Kxh7 75. f8Q Rg5 76. Qf7+ Kh8 77. Qf6+ 1-0

[Event "GER-chT Federal Cup (Women)"]
[Site "Braunfels"]
[Date "2012.06.10"]
[Round "5.2"]
[White "Nattermueller, Irina"]
[Black "Barpiyeva, Gulsana"]
[Result "1-0"]
[WhiteElo "2094"]
[BlackElo "2112"]
[PlyCount "111"]
[EventDate "2012.06.07"]
[EventType "team-swiss"]
[EventRounds "5"]
[EventCountry "GER"]
[SourceTitle "CBM 149 Extra"]
[Source "ChessBase"]
[SourceDate "2012.08.24"]
[SourceVersion "1"]
[SourceVersionDate "2012.08.24"]
[SourceQuality "1"]
[WhiteTeam "Nordrhein Westfalen (W)"]
[BlackTeam "Hessen (W)"]
[WhiteTeamCountry "GER"]
[BlackTeamCountry "GER"]

1. e4 c5 2. Nf3 e6 3. d4 cxd4 4. Nxd4 a6 5. Nc3 Qc7 6. Be2 Nf6 7. 0-0 Be7 8. Be3 0-0 9. f4 d6 10. Qe1 Nc6 11. Qg3 Nxd4 12. Bxd4 b5 13. e5 dxe5 14. fxe5 Bc5 15. Bf2 Nd7 16. Bd3 Bxf2+ 17. Rxf2 Qxe5 18. Qh3 g6 19. Raf1 Bb7 20. Re2 Qd4+ 21. Kh1 Nc5 22. Rd2 Nxd3 23. Rxd3 Qe5 24. Re3 Qg7 25. Nd1 Rad8 26. Re2 Rd7 27. Nf2 Rfd8 28. Nd3 Rd5 29. Qg3 R5d6 30. Ref2 f5 31. Re1 Be4 32. Nc5 Bd5 33. Rfe2 Qxb2 34. c4 Qd4 35. cxd5 Qxc5 36. dxe6 Rd1 37. Qb3 Rxe1+ 38. Rxe1 Qc4 39. e7 Re8 40. Qb2 Kf7 41. Qa3 b4 42. Qh3 h5 43. Qe3 Qxa2 44. Qe5 Qc4 45. h3 b3 46. Kh2 a5 47. Qxa5 Rxe7 48. Rxe7+ Kxe7 49. Qa7+ Kf6 50. Qb6+ Qe6 51. Qd8+ Ke5 52. Qd3 Qd5 53. Qe3+ Kf6 54. Qb6+ Kg5 55. h4+ Kxh4 56. Qxg6 1-0